[Event "83rd ESP-ch Women-ch 2018"]
[Site "Linares"]
[Date "2018.08.26"]
[Round "7"]
[White "Lopez Guerrero, Jose Miguel"]
[Black "Sole Pijuan, Ferran"]
[Result "0-1"]
[WhiteElo "2148"]
[BlackElo "2320"]
[Annotator "NA"]
[PlyCount "58"]
[EventDate "2018.08.09"]
[EventType "tourn"]
[EventCountry "ESP"]
[SourceTitle "playchess.com"]
[Source "ChessBase"]
[SourceQuality "1"]
[TimeControl "40/5400+30:1800+30"]

1. e4 {[%emt 0:00:00]} e5 {[%emt 0:00:00]} 2. Nf3 {[%emt 0:00:00]} Nc6 {[%emt 0:00:00]} 3. Bb5 {[%emt 0:00:00]} g6 {[%emt 0:00:28]} 4. d3 {[%emt 0:01:53] C60: Ruy Lopez: Unusual Black 3rd moves and 3...g6} (4. c3 a6 5. Ba4 Bg7 6. d4 exd4 7. cxd4 b5 8. Bc2 d6 9. d5 Na5 10. O-O Nc4 11. Nc3 Ne7 12. Bd3 Nb6 13. a4 {0-1 (48) Caruana,F (2816)-Mamedyarov,S (2808) Leuven 2018}) 4... Bg7 {[%emt 0:01:13]} 5. Bg5 {[%emt 0:01:29]} Nge7 {[%emt 0:00:21]} 6. Qd2 {[%emt 0:00:28]} h6 {[%emt 0:08:31]} 7. Bxe7 {[%emt 0:04:07]} Nxe7 {[%emt 0:05:12]} 8. Nc3 {[%emt 0:00:36]} O-O {[%emt 0:00:36]} 9. Bc4 $146 {[%emt 0:00:20]} ({Predecessor:} 9. O-O c6 10. Ba4 d6 11. h3 f5 12. Bb3+ Kh7 {0-1 (35) Duran Barraza,M (1897)-Hernandez,G (2126) Bogota 2014}) 9... c6 {[%emt 0:00:52]} 10. Bb3 {[%emt 0:00:17]} Kh7 {[%emt 0:07:27]} 11. h4 {[%emt 0:00:31]} d5 {[%emt 0:03:52]} 12. O-O-O {[%emt 0:00:24]} d4 {[%emt 0:02:49]} 13. Ne2 {[%emt 0:00:22]} a5 {[%emt 0:00:17]} 14. a3 {[%emt 0:00:45]} b5 {[%emt 0:06:27]} 15. Rdg1 {[%emt 0:05:22]} c5 {[%emt 0:02:51]} 16. g4 {[%emt 0:00:10]} c4 {[%emt 0:01:01]} 17. dxc4 {[%emt 0:01:25]} a4 {[%emt 0:03:05]} 18. Ba2 {[%emt 0:03:23]} Be6 {[%emt 0:00:18]} 19. Qd3 {[%emt 0:00:22]} Qc7 {[%emt 0:01:34]} 20. Ng5+ {[%emt 0:06:40]} hxg5 {[%emt 0:03:29]} 21. hxg5+ {[%emt 0:01:44]} Kg8 {[%emt 0:00:10]} 22. Qh3 {[%emt 0:00:07]} Rfc8 {[%emt 0:06:17]} 23. Kb1 $19 {[%emt 0:04:52]} bxc4 {[%emt 0:05:45]} 24. Ka1 {[%emt 0:00:46]} c3 {[%emt 0:01:56]} 25. Bxe6 {[%emt 0:00:50]} cxb2+ {[%emt 0:00:14]} 26. Kxb2 {[%emt 0:01:30]} Qxc2+ {[%emt 0:02:03]} 27. Ka1 {[%emt 0:00:03]} fxe6 {[%emt 0:00:45]} 28. Rg3 {[%emt 0:01:44]} Rab8 {[%emt 0:02:55]} 29. Qh7+ {[%emt 0:00:17]} Kf8 {[%emt 0:00:07]} 0-1

[Event "83rd ESP-ch Women-ch 2018"]
[Site "Linares"]
[Date "2018.08.26"]
[Round "7"]
[White "Cuevas Fernandez, Jose Alberto"]
[Black "Montero Melendez, Rafael"]
[Result "0-1"]
[WhiteElo "2147"]
[BlackElo "2367"]
[Annotator "NA"]
[PlyCount "43"]
[EventDate "2018.08.09"]
[EventType "tourn"]
[EventCountry "ESP"]
[SourceTitle "playchess.com"]
[Source "ChessBase"]
[SourceQuality "1"]
[TimeControl "40/5400+30:1800+30"]

1. d4 {[%emt 0:00:00]} Nf6 {[%emt 0:00:00]} 2. Nf3 {[%emt 0:00:00]} g6 {[%emt 0:00:00]} 3. c4 {[%emt 0:00:00]} Bg7 {[%emt 0:00:00]} 4. Nc3 {[%emt 0:00:00]} d5 {[%emt 0:00:00]} 5. Bg5 {[%emt 0:00:00]} Ne4 {[%emt 0:00:00]} 6. Bh4 {[%emt 0:00:00]} c6 {[%emt 0:00:06] D91: Grünfeld: 4 Nf3 Bg7 5 Bg5} (6... Nxc3 7. bxc3 dxc4 8. e3 b5 9. a4 c6 10. Qb1 a6 11. Be2 Nd7 12. O-O Nb6 13. Ne5 Bxe5 14. dxe5 Nxa4 15. Bf3 Nxc3 16. Qb4 Nd5 17. Qc5 Bb7 {1-0 (40) Nakamura,H (2767)-Aronian,L (2797) Saint Louis 2014}) 7. e3 {[%emt 0:00:49]} Qa5 {[%emt 0:00:27]} 8. Bd3 {[%emt 0:08:19]} Nxc3 {[%emt 0:11:11]} 9. Qd2 {[%emt 0:00:09]} dxc4 {[%emt 0:00:26]} 10. Bxc4 {[%emt 0:02:36]} b5 $146 {[%emt 0:00:17]} ({Predecessor:} 10... Qb4 11. Qxc3 Qxc3+ 12. bxc3 Bf5 13. a4 Nd7 {½-½ (21) Wesslen,U-Sterner,J Stockholm 1995}) 11. Be2 {[%emt 0:06:14]} b4 {[%emt 0:01:19]} 12. bxc3 {[%emt 0:00:19]} bxc3 {[%emt 0:00:07]} 13. Qc2 {[%emt 0:00:09]} Bf5 {[%emt 0:03:30]} 14. e4 {[%emt 0:01:47]} Bd7 {[%emt 0:08:51]} 15. O-O {[%emt 0:04:50]} c5 $1 {[%emt 0:01:00]} 16. Qb3 {[%emt 0:01:23]} Nc6 {[%emt 0:02:37]} 17. d5 {[%emt 0:05:19]} Nd4 {[%emt 0:07:31]} 18. Nxd4 {[%emt 0:00:45]} cxd4 {[%emt 0:00:06]} 19. Qb7 {[%emt 0:00:25]} Rc8 $19 {[%emt 0:01:13]} 20. Rab1 {[%emt 0:06:28]} c2 {[%emt 0:02:37]} 21. Rb5 {[%emt 0:02:53]} Qd2 22. Rbb1 0-1

[Event "83rd ESP-ch Women-ch 2018"]
[Site "Linares"]
[Date "2018.08.26"]
[Round "7"]
[White "Gomez Sanjuan, Hector Fernando"]
[Black "Teran Alvarez, Ismael"]
[Result "0-1"]
[WhiteElo "2146"]
[BlackElo "2377"]
[Annotator "NA"]
[PlyCount "106"]
[EventDate "2018.08.09"]
[EventType "tourn"]
[EventCountry "ESP"]
[SourceTitle "playchess.com"]
[Source "ChessBase"]
[SourceQuality "1"]
[TimeControl "40/5400+30:1800+30"]

1. d4 {[%emt 0:06:01]} d6 {[%emt 0:00:00]} 2. Nf3 {[%emt 0:00:48]} Nf6 {[%emt 0:00:18]} 3. c4 {[%emt 0:00:15]} g6 {[%emt 0:00:31]} 4. Nc3 {[%emt 0:00:11]} Bf5 {[%emt 0:00:30]} 5. Nh4 {[%emt 0:04:16]} Bd7 {[%emt 0:01:33]} 6. e4 {[%emt 0:01:04]} Bg7 {[%emt 0:01:20] E61: King's Indian: Early deviations for White, including Smyslov System} (6... e5 7. dxe5 dxe5 8. Nf3 Nc6 9. Be2 Bg7 10. O-O O-O 11. h3 Be6 12. Be3 Qxd1 13. Rfxd1 Rfd8 14. Nd5 Nxe4 15. Nxc7 Rac8 16. Nxe6 fxe6 17. Bd3 Nf6 18. Ng5 Nb4 19. Bf1 Nc2 20. Nxe6 Rxd1 21. Rxd1 Nxe3 22. fxe3 {½-½ (97) Li,C (2751)-Mamedov,R (2650) Huaian 2016}) 7. Be2 {[%emt 0:01:25]} O-O {[%emt 0:01:15]} 8. O-O {[%emt 0:01:28]} e5 {[%emt 0:05:42]} 9. Nf3 {[%emt 0:00:18]} exd4 {[%emt 0:11:50]} 10. Nxd4 {[%emt 0:00:49] LiveBook: 37 Games} Re8 {[%emt 0:00:03]} 11. f3 {[%emt 0:01:43]} Nc6 {[%emt 0:00:50]} 12. Be3 {[%emt 0:03:02]} Nh5 {[%emt 0:01:12]} 13. Qd2 {[%emt 0:09:37]} Nf4 {[%emt 0:05:42]} 14. Nxc6 {[%emt 0:01:32]} Nxe2+ {[%emt 0:00:09]} 15. Nxe2 {[%emt 0:00:58]} bxc6 {[%emt 0:03:54]} 16. Bd4 $146 {[%emt 0:04:46]} Bxd4+ {[%emt 0:03:09]} 17. Qxd4 {[%emt 0:00:27]} c5 {[%emt 0:00:04]} 18. Qd2 {[%emt 0:01:57]} Be6 {[%emt 0:05:44]} 19. Rac1 {[%emt 0:00:51]} a5 {[%emt 0:15:24]} 20. Rfd1 {[%emt 0:01:22]} Qf6 {[%emt 0:02:19]} 21. Qc3 {[%emt 0:01:26]} Qxc3 {[%emt 0:00:52]} 22. Rxc3 {[%emt 0:00:13]} Reb8 {[%emt 0:00:16]} 23. Rd2 {[%emt 0:05:14]} Rb4 {[%emt 0:00:13]} 24. b3 {[%emt 0:09:48]} a4 {[%emt 0:01:45]} 25. Nf4 {[%emt 0:02:47]} axb3 {[%emt 0:06:09]} 26. axb3 {[%emt 0:00:21]} Kf8 {[%emt 0:10:26]} 27. Nxe6+ {[%emt 0:01:19]} fxe6 {[%emt 0:00:01]} 28. Kf2 {[%emt 0:00:29]} Ra3 {[%emt 0:04:27]} 29. Rb2 {[%emt 0:01:02]} Ke7 {[%emt 0:00:22]} 30. Ke3 {[%emt 0:00:20]} Ra1 {[%emt 0:00:22]} 31. Kf4 {[%emt 0:04:01]} e5+ {[%emt 0:01:41]} 32. Kg5 $1 {[%emt 0:03:02]} Rb8 {[%emt 0:00:53]} 33. Rcc2 {[%emt 0:01:32]} Ra3 {[%emt 0:01:25]} 34. Rc3 {[%emt 0:00:27]} Kf7 {[%emt 0:02:23]} 35. Rd3 {[%emt 0:01:28] [#]} h6+ $1 {[%emt 0:00:22]} 36. Kg4 {[%emt 0:00:44]} Kf6 {[%emt 0:00:24]} 37. h3 {[%emt 0:02:04]} Rb4 {[%emt 0:00:15]} 38. Rc3 {[%emt 0:00:10]} Ra1 {[%emt 0:00:09]} 39. Kh4 {[%emt 0:02:16]} Ke6 {[%emt 0:00:40]} 40. Kg3 {[%emt 0:00:30]} Rb8 {[%emt 0:00:29]} 41. Rcc2 {[%emt 0:31:16]} h5 {[%emt 0:32:33]} 42. Kf2 {[%emt 0:00:54]} h4 {[%emt 0:00:34]} 43. Ke3 {[%emt 0:00:23]} Ra3 {[%emt 0:01:23]} 44. Rc3 {[%emt 0:00:46]} Rb4 {[%emt 0:00:52]} 45. Rd3 {[%emt 0:01:29]} ({White should try} 45. f4) 45... Ra1 {[%emt 0:01:08]} 46. Rc3 {[%emt 0:01:16]} Kf6 {[%emt 0:01:17]} 47. Rcc2 {[%emt 0:13:26]} Kg5 {[%emt 0:00:30]} 48. Kd3 {[%emt 0:00:33]} Kf4 {[%emt 0:00:43]} 49. Kc3 {[%emt 0:00:48]} Ra3 {[%emt 0:00:08]} 50. Rf2 {[%emt 0:00:38]} Rb8 {[%emt 0:00:58]} 51. Rb1 {[%emt 0:00:58]} Kg3 {[%emt 0:00:29]} 52. Rbb2 {[%emt 0:00:07] [#]} Raxb3+ $1 {[%emt 0:00:16]} 53. Rxb3 {[%emt 0:00:29]} Rxb3+ {[%emt 0:00:06] Kd4} 0-1

[Event "83rd ESP-ch Women-ch 2018"]
[Site "Linares"]
[Date "2018.08.26"]
[Round "7"]
[White "Jimenez de la Torre, Jose Antonio"]
[Black "Calzetta Ruiz, Monica"]
[Result "0-1"]
[WhiteElo "2076"]
[BlackElo "2302"]
[Annotator "TA"]
[PlyCount "146"]
[EventDate "2018.08.09"]
[EventType "tourn"]
[EventCountry "ESP"]
[SourceTitle "playchess.com"]
[Source "ChessBase"]
[SourceQuality "1"]

{[%evp 26,146,56,30,40,0,0,0,0,0,0,0,0,0,13,-34,-36,-39,-38,-52,0,0,0,0,0,0,0,0,0,0,0,0,0,0,0,0,0,-128,-169,-152,-145,-249,-232,-235,-239,-217,-208,-243,-240,-259,-216,-331,-285,-393,-380,-376,-373,-466,-372,-389,-375,-332,-351,-481,-469,-388,-377,-358,-358,-325,-231,-197,-195,-231,-228,-574,-574,-566,-435,-566,-566,-553,-543,-524,-462,-462,-453,-452,-446,-427,-335,-233,-227,-924,-840,-593,-222,-29963,-2254,-29962,-29965,-29968,-12147,-29970,-12107,-29978,-29978,-29978,-29979,-29977,-29980,-29979,-29981,-29983,-29983,-29985,-29985,-29986,-29987,-29987,-29988,-29990,-29988]} 1. e4 c5 2. Nf3 Nc6 3. d4 cxd4 4. Nxd4 g6 5. c4 Nf6 6. Nc3 d6 7. Be2 Bg7 8. Be3 O-O 9. O-O Bd7 10. f4 Nxd4 11. Bxd4 Bc6 12. Bf3 Nd7 13. Bxg7 {B38: Sicilian: Maroczy Bind with 5...Bg7 and 7...0-0} Kxg7 14. Qd4+ {LiveBook: 4 Games} (14. Kh1 Qb6 15. Qe2 f6 16. Nd5 Bxd5 17. exd5 Rfe8 18. b3 a5 19. Qb2 Nc5 20. Rab1 Nd3 {½-½ (49) Krasenkow,M (2631)-Matuszewski,M (2505) Poland 2018}) 14... f6 15. b4 {White is slightly better.} Qb6 16. Qxb6 Nxb6 17. Nd5 Bxd5 $146 ({Predecessor:} 17... Nxc4 18. Nc7 Nd2 19. Rfe1 Nxf3+ 20. gxf3 Rac8 {½-½ (48) Mueller,A (1688)-Braeu,L (1878) Bayerisch Eisenstein 2018}) 18. cxd5 Rac8 19. Rac1 Na4 20. Kf2 Nc3 21. Rc2 Rc7 22. Re1 Nxd5 (22... Rd8 $15) 23. Rxc7 $11 Nxc7 $15 {[%mdl 4096] Endgame KRB-KRN} 24. Rc1 $1 {[%cal Rc1c7]} Na6 25. a3 e5 26. g3 Rf7 27. Rd1 Rd7 28. fxe5 fxe5 29. Bg4 Rd8 30. Rc1 Kf6 31. Bc8 {[#]} (31. Ke3 $11 {remains equal.}) 31... Nc5 $1 $17 {[%cal Rc5d3][%mdl 512]} 32. bxc5 Rxc8 $19 {KR-KR} 33. Rd1 (33. Rb1 $17) 33... Rxc5 ({Don't take} 33... dxc5 34. Rd7 $17) 34. Rxd6+ Ke7 35. Rd2 Rc4 36. Kf3 h5 37. Rd5 Ke6 38. Ra5 (38. Rd3 $142) 38... a6 39. h4 Rc3+ 40. Kf2 Rb3 41. Ra4 Rb5 42. Rc4 Rb2+ 43. Kf1 Rb3 44. Rc7 Rxg3 45. Rxb7 Rxa3 46. Rb6+ Kf7 47. Rb7+ Kf6 {Hoping for ...Ra4.} 48. Rb6+ {[#]} Kg7 $1 {White must now prevent ...Ra4.} 49. Rb7+ Kh6 {Threatens to win with ...Ra4.} 50. Re7 $2 (50. Kg2 {was the crucial defense.}) 50... Rh3 51. Rxe5 Rxh4 52. Kf2 Rf4+ 53. Ke3 Rf6 54. Re8 Kg5 55. e5 Rb6 56. Kd4 h4 57. Kd5 h3 58. Rh8 Kf5 59. Rf8+ $2 (59. Rxh3 Rb5+ 60. Kd4 Rxe5 61. Rf3+ Ke6 62. Rb3) 59... Kg4 60. e6 h2 $2 (60... Rb7 61. Rh8 Kg3) 61. Rf1 $2 (61. Rh8 $19 Rb5+ 62. Kd6) 61... g5 {[%cal Bg6g5,Bg5g4,Bg4g3][%mdl 32]} 62. e7 Rb8 63. Ke6 Kg3 (63... Kh3 $142 64. Rf3+ Kg2 65. Rf8 Rb1 66. e8=Q Re1+ 67. Kf6 Rxe8 68. Rxe8 h1=Q 69. Kxg5 a5 70. Re6 Qc1+ 71. Kg6 a4 72. Kh7 a3 73. Rg6+ Kh3 74. Rh6+ {[#]} Qxh6+ $1 {[%mdl 512]} 75. Kxh6 Kg4 76. Kg6 a2 77. Kf7 a1=Q 78. Ke7 Qd4 79. Ke6 Kg5 80. Ke7 Qd5 81. Kf8 Qd7 82. Kg8 Kf6 83. Kh8 Qg7#) 64. Rd1 g4 65. Rd3+ Kg2 {Black mates.} 66. Rd8 Rb1 67. Rd2+ Kh3 68. Re2 Rb8 69. Re1 g3 70. Kf5 Kg2 71. Rb1 Re8 72. Rb2+ Kh3 73. Rb1 Rxe7 {Precision: White = 34%, Black = 87%.} 0-1

[Event "83rd ESP-ch Women-ch 2018"]
[Site "Linares"]
[Date "2018.08.26"]
[Round "7"]
[White "Cruz Ramirez, Nauzet"]
[Black "Blazquez Gomez, Juan Carlos"]
[Result "1-0"]
[WhiteElo "2037"]
[BlackElo "2240"]
[Annotator "NA"]
[PlyCount "87"]
[EventDate "2018.08.09"]
[EventType "tourn"]
[EventCountry "ESP"]
[SourceTitle "playchess.com"]
[Source "ChessBase"]
[SourceQuality "1"]
[TimeControl "40/5400+30:1800+30"]

1. Nf3 {[%emt 0:00:00]} Nc6 {[%emt 0:00:00]} 2. g3 {[%emt 0:02:14]} e5 {[%emt 0:00:46]} 3. d3 {[%emt 0:00:04]} d5 {[%emt 0:00:32]} 4. Bg2 {[%emt 0:00:10]} f6 {[%emt 0:00:33]} 5. O-O {[%emt 0:02:46]} Be6 {[%emt 0:00:20] A07: Réti Opening: New York and Capablanca Systems} 6. c3 {[%emt 0:00:52]} (6. Nc3 Qd7 7. e4 d4 8. Ne2 O-O-O 9. Ne1 g5 10. f4 h6 11. a3 Bd6 12. b4 Nge7 {0-1 (32) Nalbandian,T (2455)-Hovhannisyan,R (2594) Yerevan 2017}) 6... Qd7 {[%emt 0:00:20]} 7. b4 {[%emt 0:00:23]} a6 {[%emt 0:04:25]} 8. Nbd2 {[%emt 0:04:31]} h5 $146 {[%emt 0:06:18]} ({Predecessor:} 8... Nge7 9. e4 d4 10. cxd4 Nxd4 11. Bb2 Nec6 12. Nxd4 Nxd4 {1-0 (55) Sandkamp,R (2245)-Berov,A (2490) Ruhrgebiet 1997}) 9. h4 {[%emt 0:00:49]} Nh6 {[%emt 0:03:28]} 10. Nb3 {[%emt 0:02:43]} b6 {[%emt 0:01:00]} 11. a4 {[%emt 0:03:30]} Rd8 {[%emt 0:00:39]} 12. Qc2 {[%emt 0:03:32]} Kf7 {[%emt 0:17:34]} 13. Bd2 {[%emt 0:17:12]} Nf5 {[%emt 0:07:11]} 14. Rad1 {[%emt 0:02:42]} Nb8 {[%emt 0:08:15]} 15. a5 {[%emt 0:01:45]} Be7 {[%emt 0:04:13]} 16. Bc1 {[%emt 0:08:52]} Qa4 {[%emt 0:05:02]} 17. axb6 {[%emt 0:06:03]} ({Better is} 17. Bb2 $14) 17... cxb6 {[%emt 0:00:28]} 18. Bd2 {[%emt 0:03:02]} Rc8 {[%emt 0:01:09]} 19. Nbd4 {[%emt 0:01:38]} Qxc2 {[%emt 0:00:38]} 20. Nxc2 {[%emt 0:00:04]} Nd6 {[%emt 0:01:38]} 21. Na3 {[%emt 0:02:34]} Rc7 {[%emt 0:00:08]} 22. Ra1 {[%emt 0:03:26]} Rhc8 {[%emt 0:00:12]} 23. Nb1 {[%emt 0:00:08]} Nb5 {[%emt 0:01:08]} 24. Ne1 Nd6 {[%emt 0:06:57]} 25. Be3 {[%emt 0:03:12]} Rc6 {[%emt 0:03:10]} 26. Bd2 {[%emt 0:00:55]} b5 {[%emt 0:04:14]} 27. Nc2 {[%emt 0:04:25]} Ne8 {[%emt 0:03:24]} (27... Nf5 $11) 28. f4 {[%emt 0:01:51]} Kg8 $1 {[%emt 0:00:47]} 29. Bf3 {[%emt 0:02:21]} g6 {[%emt 0:04:31]} 30. Ne3 {[%emt 0:00:26]} d4 {[%emt 0:00:21]} 31. Bxc6 {[%emt 0:01:57]} dxe3 {[%emt 0:00:13]} 32. Bxe8 {[%emt 0:00:06]} exd2 {[%emt 0:01:00]} 33. Bxg6 {[%emt 0:00:06]} Bg4 {[%emt 0:00:40]} 34. Nxd2 {[%emt 0:00:27]} Rxc3 {[%emt 0:00:12]} 35. fxe5 {[%emt 0:01:33]} fxe5 {[%emt 0:00:09]} 36. Rf7 {[%emt 0:07:08]} Bxb4 {[%emt 0:03:28]} 37. Ne4 {[%emt 0:00:05]} Rc6 {[%emt 0:00:06]} 38. Nf6+ $18 {[%emt 0:04:35]} Rxf6 {[%emt 0:00:13]} 39. Rxf6 {[%emt 0:00:04]} Kg7 {[%emt 0:00:22]} 40. Raf1 {[%emt 0:00:30]} Bxe2 {[%emt 0:01:56]} 41. Rf7+ {[%emt 0:30:05]} Kg8 {[%emt 0:30:25]} 42. R1f6 {[%emt 0:00:45]} Bg4 {[%emt 0:01:18]} 43. Bh7+ {[%emt 0:01:27]} Kh8 {[%emt 0:00:06]} 44. Rg6 1-0

[Event "83rd ESP-ch Women-ch 2018"]
[Site "Linares"]
[Date "2018.08.26"]
[Round "7"]
[White "Nunez, Daniela Alejandra"]
[Black "Ayats Llobera, Gerard"]
[Result "1/2-1/2"]
[WhiteElo "2021"]
[BlackElo "2345"]
[Annotator "NA"]
[PlyCount "93"]
[EventDate "2018.08.09"]
[EventType "tourn"]
[EventCountry "ESP"]
[SourceTitle "playchess.com"]
[Source "ChessBase"]
[SourceQuality "1"]
[TimeControl "40/5400+30:1800+30"]

1. e4 {[%emt 0:01:47]} c6 {[%emt 0:00:00]} 2. d4 {[%emt 0:00:43]} d5 {[%emt 0:00:00]} 3. exd5 {[%emt 0:00:03]} cxd5 {[%emt 0:00:00]} 4. Bd3 {[%emt 0:00:03]} Nc6 {[%emt 0:00:00]} 5. c3 {[%emt 0:00:11]} Nf6 {[%emt 0:02:27]} 6. h3 {[%emt 0:00:03]} g6 {[%emt 0:02:37]} 7. Nf3 {[%emt 0:00:14]} Bg7 {[%emt 0:00:04]} 8. O-O {[%emt 0:01:44]} O-O {[%emt 0:00:44]} 9. Re1 {[%emt 0:00:51]} Qc7 {[%emt 0:01:26]} 10. Bg5 {[%emt 0:07:05] B13: Caro-Kann: Exchange Variation and Panov-Botvinnik Attack} (10. Na3 Bf5 11. Bf1 a6 12. Nc2 Bxc2 13. Qxc2 b5 14. a4 Qb7 15. Qb3 Na5 16. Qb4 Nc6 17. Qc5 bxa4 {1-0 (42) Artemiev,V (2682)-Rozum,I (2606) Sochi 2017}) 10... Bf5 {[%emt 0:01:00]} 11. Bxf5 {[%emt 0:11:16]} gxf5 {[%emt 0:00:13]} 12. Qc1 {[%emt 0:01:53]} Kh8 {[%emt 0:04:26]} 13. Bf4 {[%emt 0:03:50]} Qd7 {[%emt 0:02:17]} 14. Nbd2 {[%emt 0:07:39]} Rg8 $146 {[%emt 0:01:46]} ({Predecessor:} 14... Ne4 15. Ng5 e6 16. Qd1 f6 17. Ngxe4 fxe4 {0-1 (29) Korchagina,V (2098)-Cheremnova,T (2245) Tyumen 2012}) 15. Ne5 {[%emt 0:01:54]} Nxe5 {[%emt 0:00:50]} 16. dxe5 {[%emt 0:00:37]} Ne4 {[%emt 0:03:03]} 17. Nb3 {[%emt 0:00:06]} a5 {[%emt 0:09:47]} 18. f3 {[%emt 0:06:52]} a4 {[%emt 0:00:01]} 19. Nd4 {[%emt 0:00:21]} Nc5 {[%emt 0:00:07]} 20. Qe3 {[%emt 0:00:03]} Ra6 {[%emt 0:01:53]} 21. b4 {[%emt 0:06:45]} axb3 {[%emt 0:01:58]} 22. axb3 {[%emt 0:00:06]} Rga8 {[%emt 0:12:37]} 23. Rxa6 {[%emt 0:13:03]} Rxa6 {[%emt 0:00:01]} 24. b4 {[%emt 0:04:08]} Na4 {[%emt 0:00:41]} 25. b5 {[%emt 0:00:07]} Rg6 {[%emt 0:07:49]} 26. e6 {[%emt 0:00:45]} Qe8 {[%emt 0:04:23]} 27. exf7 {[%emt 0:01:13]} Qxf7 {[%emt 0:00:01]} 28. Qxe7 {[%emt 0:00:15]} Bxd4+ {[%emt 0:20:44]} 29. cxd4 {[%emt 0:00:05]} Qxe7 {[%emt 0:00:02]} 30. Rxe7 {[%emt 0:00:08]} Rb6 {[%emt 0:01:26]} 31. Be5+ {[%emt 0:02:30]} Kg8 {[%emt 0:00:01]} 32. Rg7+ {[%emt 0:00:07]} Kf8 {[%emt 0:00:04]} 33. Rxh7 {[%emt 0:00:07]} Rxb5 {[%emt 0:00:57]} 34. h4 {[%emt 0:00:03]} Nb2 {[%emt 0:03:00]} 35. Rh5 {[%emt 0:01:56]} Nd3 {[%emt 0:00:58]} 36. Rxf5+ {[%emt 0:00:03]} Kg8 {[%emt 0:00:06]} 37. h5 {[%emt 0:04:19]} Rb1+ {[%emt 0:00:58]} 38. Kh2 {[%emt 0:00:05]} b5 {[%emt 0:00:31]} 39. h6 {[%emt 0:01:34]} Kh7 {[%emt 0:00:07]} 40. Bg7 {[%emt 0:01:03]} Rb2 {[%emt 0:01:40]} 41. Kh3 {[%emt 0:40:35]} b4 {[%emt 0:31:02]} 42. g4 {[%emt 0:01:50]} b3 {[%emt 0:01:18]} 43. Kh4 {[%emt 0:00:52]} Rh2+ {[%emt 0:00:59]} 44. Kg5 {[%emt 0:00:15]} b2 {[%emt 0:00:37]} 45. Rf8 {[%emt 0:04:24]} Rxh6 $1 {[%emt 0:00:17]} 46. Bxh6 $11 {[%emt 0:00:29]} b1=Q {[%emt 0:00:09]} 47. Rf7+ {[%emt 0:00:04]} 1/2-1/2

[Event "83rd ESP-ch Women-ch 2018"]
[Site "Linares"]
[Date "2018.08.26"]
[Round "7"]
[White "Pablos Tenrero, Raquel"]
[Black "Garcia Romero, Benjamin Abel"]
[Result "1-0"]
[WhiteElo "2015"]
[BlackElo "2230"]
[Annotator "NA"]
[PlyCount "117"]
[EventDate "2018.08.09"]
[EventType "tourn"]
[EventCountry "ESP"]
[SourceTitle "playchess.com"]
[Source "ChessBase"]
[SourceQuality "1"]
[TimeControl "40/5400+30:1800+30"]

1. d4 {[%emt 0:00:00]} d5 {[%emt 0:00:00]} 2. Nc3 {[%emt 0:00:00]} Nf6 {[%emt 0:00:51]} 3. Bf4 {[%emt 0:00:00]} e6 {[%emt 0:00:12]} 4. e3 {[%emt 0:00:05]} Bb4 {[%emt 0:00:30] D00: 1 d4 d5: Unusual lines} 5. Bd3 {[%emt 0:00:13]} (5. Nge2 Nh5 6. a3 Be7 7. Be5 Nd7 8. g4 Nhf6 9. Bf4 O-O 10. Ng3 c5 11. g5 Ne8 12. h4 {1-0 (47) Rapport,R (2698)-Grischuk,A (2750) chess.com INT 2017}) 5... c5 {[%emt 0:00:15]} 6. dxc5 {[%emt 0:00:20]} Nbd7 {[%emt 0:00:26]} 7. Nf3 {[%emt 0:00:28]} O-O {[%emt 0:00:47]} 8. Bd6 $146 {[%emt 0:03:14]} ({Predecessor:} 8. O-O Bxc3 9. bxc3 Nxc5 10. Be5 b6 11. a4 Nfe4 12. c4 {0-1 (66) Markovich,M (2184)-Junge,W (2360) ICCF email 2015}) 8... Re8 {[%emt 0:00:34]} 9. O-O {[%emt 0:06:45]} Nxc5 {[%emt 0:01:09]} 10. Be5 {[%emt 0:01:34]} a6 {[%emt 0:07:44]} 11. a3 {[%emt 0:05:15]} Nxd3 {[%emt 0:00:22]} 12. Qxd3 {[%emt 0:00:30]} Bd6 {[%emt 0:01:31]} 13. Bxd6 {[%emt 0:07:01]} Qxd6 {[%emt 0:00:05]} 14. e4 {[%emt 0:04:24]} e5 15. Nxd5 Nxd5 {[%emt 0:14:22]} 16. Qxd5 {[%emt 0:00:38]} Qf6 {[%emt 0:00:06]} 17. Rad1 {[%emt 0:05:47]} Bg4 {[%emt 0:00:14]} 18. Qd3 {[%emt 0:01:22]} Rac8 {[%emt 0:00:49]} 19. c3 {[%emt 0:01:10]} Qg6 {[%emt 0:21:37]} 20. Qe3 {[%emt 0:05:32]} Qh5 {[%emt 0:07:20]} 21. h3 {[%emt 0:09:03]} Be6 {[%emt 0:00:37]} 22. Qg5 {[%emt 0:01:56]} Qxg5 {[%emt 0:00:04]} 23. Nxg5 {[%emt 0:00:07]} Bc4 {[%emt 0:00:15]} 24. Rfe1 {[%emt 0:00:38]} Red8 {[%emt 0:01:21]} 25. Nf3 {[%emt 0:01:19]} f6 {[%emt 0:00:04]} 26. Nd2 {[%emt 0:04:55]} Bd3 {[%emt 0:00:55]} 27. Nf1 {[%emt 0:00:28]} Kf7 {[%emt 0:01:24]} 28. f3 {[%emt 0:02:41]} Bc2 {[%emt 0:00:20]} 29. Rxd8 {[%emt 0:05:41]} Rxd8 {[%emt 0:00:08]} 30. Kf2 {[%emt 0:00:24]} Bb3 {[%emt 0:00:41]} 31. Re2 {[%emt 0:04:35]} Ke6 {[%emt 0:02:20]} 32. Rd2 {[%emt 0:00:49]} Rc8 {[%emt 0:00:06]} 33. Ne3 {[%emt 0:01:18]} g6 {[%emt 0:00:12]} 34. g4 {[%emt 0:00:31]} a5 {[%emt 0:03:47]} 35. h4 {[%emt 0:01:44]} Ba4 {[%emt 0:08:58]} 36. Kg3 {[%emt 0:03:20]} Be8 {[%emt 0:00:47]} 37. g5 {[%emt 0:08:42]} f5 {[%emt 0:01:25]} 38. exf5+ {[%emt 0:00:49]} gxf5 {[%emt 0:00:05]} 39. f4 {[%emt 0:00:06]} Rc5 {[%emt 0:03:36]} 40. c4 {[%emt 0:02:11]} exf4+ {[%emt 0:02:06]} 41. Kxf4 {[%emt 0:30:09]} Re5 {[%emt 0:30:11]} 42. Rd4 {[%emt 0:01:50]} Bc6 {[%emt 0:03:48]} 43. b4 {[%emt 0:00:34]} b6 {[%emt 0:03:10]} 44. Nd5 {[%emt 0:03:02]} Re1 {[%emt 0:01:27]} 45. Nc7+ {[%emt 0:03:26]} Ke7 {[%emt 0:00:43]} 46. Kxf5 {[%emt 0:00:57]} Bd7+ {[%emt 0:00:54]} 47. Kf4 {[%emt 0:00:18]} Rf1+ {[%emt 0:03:12]} 48. Kg3 {[%emt 0:00:53]} Bc6 {[%emt 0:00:55]} 49. Nd5+ {[%emt 0:00:42]} Ke6 {[%emt 0:00:34]} 50. Rf4 {[%emt 0:03:38]} Ra1 {[%emt 0:01:46]} 51. Rf6+ {[%emt 0:00:06]} Kd7 {[%emt 0:00:06]} 52. Nxb6+ {[%emt 0:00:09]} Kc7 53. bxa5 {[%emt 0:02:37]} Rxa3+ {[%emt 0:00:22]} 54. Kg4 {[%emt 0:00:17]} Rxa5 {[%emt 0:01:44] [#]} 55. Nd5+ $18 {[%emt 0:00:14]} Bxd5 {[%emt 0:00:36]} 56. cxd5 {[%emt 0:00:06]} Rxd5 {[%emt 0:00:06]} 57. Rf7+ {[%emt 0:00:10]} Rd7 {[%emt 0:00:10]} 58. Rxd7+ {[%emt 0:00:15]} Kxd7 {[%emt 0:00:05]} 59. Kh5 {[%emt 0:00:14]} 1-0